| 000 | 00523nam a2200181Ia 4500 | ||
|---|---|---|---|
| 005 | 20260601193253.0 | ||
| 008 | 260601s9999||||xx |||||||||||||| ||und|| | ||
| 020 |
_a978-981-97-3929-5 _qebk |
||
| 100 | _aJun Gu | ||
| 245 | 0 | _aWill and Responsibility | |
| 250 | _a2024 | ||
| 260 |
_aHeidelberg, Germany _bSpringer Nature _c2024 |
||
| 440 | _aHuman Intelligence | ||
| 650 | _aComputer Science | ||
| 700 | _aChunming Xu | ||
| 856 | _uhttps://link.springer.com/openurl?genre=book&isbn=978-981-97-3929-5 | ||
| 942 |
_cEB _2ddc |
||
| 999 |
_c56772 _d56772 |
||